| LEADER 00000nam 2200000uu 4500 |
| 008 120207s2553||||th 000 0 tha d |
| 040 ^abcnkk.
|
| 041 0 ^atha^beng
|
| 060 0 ^aวพ WL 346 ส831ร 2553.
|
| 100 0 ^aสุพัตรา อยู่สุข.
|
| 245 10 ^aรายงานวิทยานิพนธ์ เรื่อง กระบวนการจัดการผลลัพธ์ในผู้ป่วยชายที่มีอัมพาตครึ่งล่างโรงพยาบาลตติยภูมิแห่งหนึ่ง /^bสุพัตรา อยู่สุข
|
| 246 15 ^aOutcome management process for male paraplegia in atertiary hospital
|
| 260 ^aขอนแก่น :^bมหาวิทยาลัยขอนแก่น,^c2553.
|
| 300 ^a[ก]-ซ, 373 หน้า;^bภาพประกอบ
|
| 502 ^aวิทยานิพนธ์ (ปร.ด)--สาขาวิชาการพยาบาล บัณฑิตวิทยาลัยมหาวิทยาลัยขอนแก่น, 2553
|
| 650 7 ^aอัมพาตครึ่งล่าง^xการรักษา
|
| 650 7 ^aอัมพาตครึ่งล่าง^xการพยาบาล
|
| 650 7 ^aการพยาบาล
|
| 650 7 ^aดุษฎีนิพนธ์
|
| 650 0 ^aวิทยานิพนธ์.
|
| 710 2 ^aมหาวิทยาลัยขอนแก่น.^bบัณฑิตวิทยาลัย.^bสาขาวิชาการพยาบาล
|
| 995 วพ
|
| 999 ^aใช้งานได้ทุกระบบ
|